In quale Oceano si trova l'Isola? - Quiz n°3 - Statistics

Statistiche generali
  • Questo quiz è stato fatto 38 volte
  • Il punteggio medio è 8 su 10
Statistiche sulle risposte
Hint Risposta % Corretto
Giamaica Oceano Atlantico
94%
Trinidad Oceano Atlantico
91%
Sant'Elena Oceano Atlantico
88%
Islanda Oceano Atlantico
88%
Terranova Oceano Atlantico
82%
Hispaniola Oceano Atlantico
82%
Tahiti Oceano Pacifico
79%
Isola del Nord Oceano Pacifico
71%
La Riunione Oceano Indiano
59%
Isola di Vancouver Oceano Pacifico
59%
Nessun quiz corrispondente trovato
Distribuzione punteggi
Percentuale di utenti per punteggio
Percentile per numero di risposta
I tuoi punteggi nel tempo
Non hai fatto questo quiz